The Divine Rise of Multilevel Marketing Phenomenon
Koncept multilevelového marketingu ako špecifickej formy marketingu a jeho kľúčové komponenty. Jeho osobité charakteristiky a rozdiely v porovnaní s priamym predajom. Princípy, na ktorých fungujú pyramídové hry. Šedá zóna ako neudržateľný obchodný model.
Guardado en:
| Autor principal: | |
|---|---|
| Otros Autores: | |
| Formato: | Capítulo de libro |
| Lenguaje: | inglés |
| Materias: | |
| Etiquetas: |
Sin Etiquetas, Sea el primero en etiquetar este registro!
|
MARC
| LEADER | 00000nla a2200000 4500 | ||
|---|---|---|---|
| 001 | 0241279 | ||
| 005 | 20240502073928.1 | ||
| 041 | 0 | |a eng | |
| 044 | |a SK | ||
| 245 | 1 | 0 | |a The Divine Rise of Multilevel Marketing Phenomenon |c Martin Hudec, Zuzana Okasová |
| 520 | |a Koncept multilevelového marketingu ako špecifickej formy marketingu a jeho kľúčové komponenty. Jeho osobité charakteristiky a rozdiely v porovnaní s priamym predajom. Princípy, na ktorých fungujú pyramídové hry. Šedá zóna ako neudržateľný obchodný model. | ||
| 610 | 2 | 0 | |a marketing |
| 610 | 2 | 0 | |a predaj |
| 610 | 2 | 0 | |a predajcovia |
| 610 | 2 | 0 | |a distribúcia |
| 610 | 2 | 0 | |a zákazníci |
| 610 | 2 | 0 | |a marketing ofenzívny |
| 610 | 2 | 0 | |a podvody |
| 100 | 1 | |a Hudec, Martin | |
| 700 | 1 | |a Okasová, Zuzana, 1988- | |